000 00710nam a2200253#a 4500
001 01723
003 HDC
007 ta
008 230623s2010 xx 000 0 eng d
040 _aHDC
050 _aHC445.5
_b .M639 2010
245 0 _aRingkasan eksekutif :
_bmodel ekonomi baru untuk Malaysia
264 _aPutrajaya :
_bMajlis Penasihat Ekonomi Negara,
_c2010.
300 _a37p. :
_b ill. ;
_c 27cm
505 _aBahagian 1.
650 _aMalaysia
_xEconomic conditions.
650 _aMalaysia
_xEconomic policy.
710 _aMajlis Penasihat Ekonomi Negara.
_b Jabatan Perdana Menteri.
710 _aMalaysia.
942 _2lcc
942 _cBK
942 _kHC445.5
942 _m .M639 2010
999 _c23288
_d23288